Vplyv tepelného spracovania na mikroštruktúru a vlastnosti vysokochrómových ocelí používaných v energetike

Podrobná bibliografia
Hlavný autor: Pecha, Jozef, 1947- (Autor)
Médium: Článok
Jazyk:slovenčina
Fyzický popis:Obr., tab.
ISSN:1335-1532
Predmet:

MARC

LEADER 00000nab a2200000 a 4500
001 vtls010252689
003 SK-MaSNL
005 20260304155932.0
008 25050727c2005 xo o e slol
035 |a SVKKK000055485 
035 |a urn:nbn:sk:snk-abd5yp 
035 |a (urnnbn)urn:nbn:sk:snk:ar-005em8 
035 |a (uuid)09f24f32-f891-46da-ac2f-32bf77fb1862 
038 |a SVKKK 
040 |a SNKBUCL  |b slo  |c SNKBUCL  |e AACR2 
041 0 |a slo  |b eng  |b slo 
044 |a xo  |c SK 
080 |a 620.18  |2 1997 
080 |a 669.15'26:620.18  |2 1997 
100 1 |a Pecha, Jozef,  |d 1947-  |4 aut  |9 217770 
245 1 0 |a Vplyv tepelného spracovania na mikroštruktúru a vlastnosti vysokochrómových ocelí používaných v energetike  |c J. Pecha 
300 |a Obr., tab. 
504 |a Bibliogr. odkazy 
504 |a Res. angl., slov. 
650 0 7 |a ocele vysokochrómové žiaruvzdorné  |x zariadenia energetické  |x mikroštruktúra  |2 snkbucl  |9 1482243 
773 0 |t Acta metallurgica slovaca  |g Roč. 11, č. 1 (2005), s. 88-103  |x 1335-1532 
850 |a Slovenská národná knižnica 
852 |a Slovenská národná knižnica 
954 |a odborná, vedecká literatúra pôvodná (slovenská)  |2 lita 
958 |a article17 
958 |a NB 
958 |a OND 
958 |a EUIPO 
999 |c 2964680  |d 2966610